Purdue Football: Top 10 All-Time Leaders - Statistics

General Stats
  • This quiz has been taken 9 times
  • The average score is 12 of 62
Answer Stats
Category # Player Amount % Correct
Passing Yards 1 Drew Brees 11,792
100%
Passing Yards 6 Aidan O'Connell 9,219
56%
Passing Yards 2 Curtis Painter 11,163
44%
Receiving Yards 5 David Bell 2,946
44%
Passing Yards 8 Jim Everett 7,411
44%
Rushing Yards 4 Devin Mockobee 2,987
33%
Receiving Yards 7 Greg Orton 2,356
33%
Receiving Yards 1 John Standeford 3,788
33%
Passing Yards 5 Kyle Orton 9,337
33%
Rushing Yards 7 Markell Jones 2,594
33%
Sacks T2 Ryan Kerrigan 33.5
33%
Receiving Yards 4 Brian Alford 3,029
22%
Rushing Yards 10 Corey Rogers 2,436
22%
Passing Yards 4 David Blough 9,734
22%
Receiving Yards 3 Dorien Bryant 3,548
22%
Rushing Yards 2 Kory Sheets 3,341
22%
Passing Yards 3 Mark Herrmann 9,946
22%
Rushing Yards 1 Mike Alstott 3,635
22%
Passing Yards 10 Mike Phipps 5,423
22%
Rushing Yards 6 Montrell Lowe 2,648
22%
Rushing Yards 3 Otis Armstrong 3,315
22%
Receiving Yards 2 Taylor Stubblefield 3,629
22%
Interceptions T4 Adrian Beasley 11
11%
Sacks T4 Akin Ayodele 29.0
11%
Sacks 7 Anthony Spencer 21.0
11%
Interceptions T10 Bill Kay 10
11%
Interceptions T4 Bob Corby 11
11%
Tackles 5 Brock Spack 384
11%
Interceptions T2 Cam Allen 13
11%
Sacks 8 Craig Terrill 20.5
11%
Receiving Yards 9 Dave Young 2,316
11%
Receiving Yards 8 DeAngelo Yancey 2,344
11%
Interceptions T4 Don Anderson 11
11%
Rushing Yards 8 Edwin Watson 2,520
11%
Tackles 3 Eric Beatty 448
11%
Passing Yards 9 Eric Hunter 5,598
11%
Interceptions T10 Frankie Williams 10
11%
Tackles 2 Fred Strickland 479
11%
Rushing Yards 9 Harry Szulborski 2,478
11%
Tackles 6 Jeff Zgonina 382
11%
Sacks T4 Jeff Zgonina 29.0
11%
Interceptions T4 Jimmy Young 11
11%
Tackles 8 Jim Schwantz 363
11%
Sacks 10 Jim Schwantz 18.0
11%
Sacks 9 Kawann Short 19.5
11%
Tackles 1 Kevin Motts 520
11%
Tackles 7 Kevin Sumlin 375
11%
Sacks 6 Kydran Jenkins 23.5
11%
Interceptions T10 Landon Feichter 10
11%
Interceptions T4 Marc Foster 11
11%
Interceptions T2 Ricardo Allen 13
11%
Tackles 4 Rod Woodson 445
11%
Interceptions T4 Rod Woodson 11
11%
Sacks 1 Roosevelt Corvin 35.0
11%
Passing Yards 7 Scott Campbell 7,636
11%
Rushing Yards 5 Scott Dierking 2,863
11%
Sacks T2 Shaun Phillips 33.5
11%
Receiving Yards 10 Steve Griffin 2,234
11%
Tackles 9 Stuart Schweigert 360
11%
Interceptions 1 Stuart Schweigert 17
11%
Tackles 10 Tony Visco 351
11%
Receiving Yards 6 Vinny Sutherland 2,370
11%
No matching quizzes found
Score Distribution
Percent of People with Each Score
Percentile by Number Answered
Your Score History
You have not taken this quiz